书目信息 |
| 题名: |
油气储运安全技术及管理
|
|
| 作者: | 徐玉朋 , 竺振宇 主编 | |
| 分册: | ||
| 出版信息: | 北京 海洋出版社 2016.06 |
|
| 页数: | 233页 | |
| 开本: | 26cm | |
| 丛书名: | ||
| 单 册: | ||
| 中图分类: | TE88 , TE88 | |
| 科图分类: | ||
| 主题词: | 石油与天然气储运--安全管理--教材 | |
| 电子资源: | ||
| ISBN: | 978-7-5027-9510-8 | |
| 000 | 01035nam0 2200277 450 | |
| 001 | 0120162020785 | |
| 005 | 20170324112814.15 | |
| 010 | @a978-7-5027-9510-8@dCNY45.00 | |
| 100 | @a20161027d2016 em y0chiy50 ea | |
| 101 | 0 | @achi |
| 102 | @aCN@b110000 | |
| 105 | @aak z 000yy | |
| 106 | @ar | |
| 200 | 1 | @a油气储运安全技术及管理@9you qi chu yun an quan ji shu ji guan li@f徐玉朋,竺振宇主编 |
| 210 | @a北京@c海洋出版社@d2016.06 | |
| 215 | @a233页@c图@d26cm | |
| 300 | @a石油化工安全系列教材 | |
| 330 | @a全书共分为7章。主要内容包括绪论、系统安全工程基础知识、系统安全分析与评价、加油(气)站安全管理、油库安全技术与管理、管道安全分析与管理、油库安全消防。 | |
| 333 | @a本书适合从事油气储运安全技术与管理工作的参考资料,适用于工程技术人员,管理人员,也可供相关院校师生学习和参考 | |
| 606 | 0 | @a石油与天然气储运@x安全管理@j教材 |
| 690 | @aTE88@v5 | |
| 690 | @aTE88@v4 | |
| 701 | 0 | @a徐玉朋@9xu yu peng@4主编 |
| 701 | 0 | @a竺振宇@9zhu zhen yu@4主编 |
| 801 | 0 | @aCN@b人天书店@c20161027 |
| 905 | @b981330-33@dTE88@e43@f4 | |
| 油气储运安全技术及管理/徐玉朋,竺振宇主编.-北京:海洋出版社,2016.06 |
| 233页:图;26cm |
| 石油化工安全系列教材.-使用对象:本书适合从事油气储运安全技术与管理工作的参考资料,适用于工程技术人员,管理人员,也可供相关院校师生学习和参考 |
| ISBN 978-7-5027-9510-8:CNY45.00 |
| 全书共分为7章。主要内容包括绪论、系统安全工程基础知识、系统安全分析与评价、加油(气)站安全管理、油库安全技术与管理、管道安全分析与管理、油库安全消防。 |
| ● |
| 相关链接 |
|
|
|
|
正题名:油气储运安全技术及管理
索取号:TE88/43
 
预约/预借
| 序号 | 登录号 | 条形码 | 馆藏地/架位号 | 状态 | 备注 |
| 1 | 981330 | 209813308 | 第二样本阅览室/ [索取号:TE88/43] | 在馆 | |
| 2 | 981331 | 209813317 | 第三借阅区/ [索取号:TE88/43] | 在馆 | |
| 3 | 981332 | 209813326 | 第三借阅区/ [索取号:TE88/43] | 在馆 | |
| 4 | 981333 | 209813335 | 化学系资料室/ [索取号:TE88/43] | 在馆 |